000 00721nam a2200289Ia 4500
005 20260324114200.0
008 008 260324s9999 xx 000 0 eng d
020 _a9781003394204
037 _aEBOOK
040 _aCRL
040 _beng
040 _cCRL
041 _2eng
041 _aeng
084 _qCRL
100 _aAlessandro Ricci
_91149758
245 4 _aThe Geography of Uncertainty
245 2 _bA Conceptual Model of Early Modern Globalization and the Current Crisis
260 _bTaylor and Francis
260 _c2023
365 _a
365 _b230
856 _uhttp://www.taylorfrancis.com/books/9781003394204
942 _cEBOOK
999 _c1739797
_d1739797